000 00647nam a2200193Ii 4500
003 JO-AjNU
008 230605s9999||||xx |||||||||||||| ||und||
040 _aJO-AjNU
_bara
_erda
_cJO-AjNU
041 _aara
050 1 4 _aLB1025.T3 1974
100 3 _aجماعة من أساتذة التربية,
_eauthor
_914052
245 0 0 _aالتطور التربوي في العصر الحديث
264 3 1 _aبيروت:دار مكتبة الحياة،1974
300 _a143ص
336 _atext
_btxt
_2rdacontent
337 _aunmediated
_bn
_2rdamedia
338 _avolume
_bnc
_2rdacarrier
650 4 _aالتربية والتعليم-فلسفة.
_914053
999 _aA3655
_c7223
_d7223